Music Quiz

Random Music or Clickable Quiz

'In The' Song Titles Quiz Stats

 Plays Quiz Updated Jan 24, 2016

Challenge
Share
Tweet
Score 0/38 Timer 05:00
0 Plays Today
% Correct
Another Brick
94%
Lucy
90.5%
Stuck
88.8%
Stop
87.7%
Cat's
87.1%
Rolling
80.6%
Life
80.3%
Man
79.9%
Words Get
79.2%
Love Is
78.9%
Dancing
75.6%
Send
73.2%
Party
72.7%
Strangers
72.6%
Dust
71.3%
Bungle
70%
Islands
70%
Get'cha Head
69.6%
Insane
68.9%
% Correct
Smokin'
67.4%
Drowning
64.1%
Love
63.7%
Working
63.5%
Happiest Girl
63.3%
Every Woman
62.3%
Written
61.7%
Seasons
61.6%
Grazing
60.8%
Touch Me
59.8%
Late
59.3%
Eye
58.8%
Saturday
57.7%
Groove Is
57.2%
Hot Child
56.9%
Hot Fun
55.5%
Down
52.6%
Trapped
49.8%
Reeling
49.3%

You're not logged in!

Compare scores with friends on all Sporcle quizzes.
OR
Log In

You Might Also Like...

Show Comments

Extras

Top Quizzes Today


Score Distribution

Your Account Isn't Verified!

In order to create a playlist on Sporcle, you need to verify the email address you used during registration. Go to your Sporcle Settings to finish the process.

Report this User

Report this user for behavior that violates our Community Guidelines.

Details: